000 00924nam a22002537a 4500
005 20170808164517.0
010 _aBAC-CH25
020 _a9780141339092
_c$16.95 ( 350.00)
035 _aB-559676-704
035 _aB-664609
035 _aG-002817
037 _bUBH/Ven
_adpl
037 _bBSB/Ven
_adpl
082 _aN
100 _aColfer, Eoin
245 _aArtemis Fowl/
_cby Eoin Colfer
260 _aNew Delhi
_bPuffin Books
_c2011
270 _a11 Community Centre, Panchsheel Park
_bNew Delhi
_e110017 (India)
300 _a277p.
_c20cm(pbk)
942 _2ddc
_cCH
_mCOL
_hN
999 _c85555
_d85555